| 000 | 00417nam a2200145Ia 4500 | ||
|---|---|---|---|
| 008 | 240111s9999 xx 000 0 und d | ||
| 020 | _a9780077835439 | ||
| 082 |
_a658.5 _bSCH-O |
||
| 100 | _aSchroeder, Roger G. | ||
| 245 | 0 | _aOperations Management in the Supply Chain : Decisions and Cases | |
| 260 |
_bMcGraw-Hill Education _aDubuque _c2018 |
||
| 300 | _axxi, 501p, | ||
| 650 | _aManagement Science | ||
| 942 | _cBK | ||
| 999 |
_c31862 _d31862 |
||